Statistics for Countries Of The World In The 1950s

Click here to take the quiz!

General Stats

  • This quiz has been taken 49 times
  • The average score is 82 of 105

Answer Stats

Answer% Correct
Soviet Union
100%
Andorra
98%
Australia
98%
Belgium
98%
Canada
98%
India
98%
New Zealand
98%
Sweden
98%
United States Of America
98%
Argentina
95%
Austria
95%
China
95%
Denmark
95%
Finland
95%
Iraq
95%
Ireland
95%
Luxembourg
95%
Mexico
95%
North Korea
95%
Norway
95%
South Korea
95%
Spain
95%
United Kingdom
95%
Yugoslavia
95%
Brazil
93%
East Germany
93%
Egypt
93%
France
93%
Honduras
93%
Iceland
93%
Iran
93%
Israel
93%
Italy
93%
Japan
93%
Netherlands
93%
Romania
93%
West Germany
93%
Chile
91%
Colombia
91%
El Salvador
91%
Hungary
91%
Libya
91%
Mongolia
91%
Poland
91%
Portugal
91%
Syria
91%
Thailand
91%
Bulgaria
89%
Cuba
89%
Indonesia
89%
Pakistan
89%
Panama
89%
Turkey
89%
Bolivia
86%
Costa Rica
86%
Ecuador
86%
Greece
86%
Monaco
86%
Paraguay
86%
Peru
86%
Saudi Arabia
86%
South Africa
86%
Yemen
86%
Afghanistan
84%
Czechoslovakia
84%
Ethiopia
84%
Guatemala
84%
Haiti
84%
Jordan
84%
Nicaragua
84%
Venezuela
84%
Albania
82%
Lebanon
82%
Morocco
82%
San Marino
82%
Switzerland
82%
Tunisia
82%
Uruguay
82%
Burma
80%
Laos
80%
Nepal
80%
Dominican Republic
77%
Liechtenstein
77%
Philippines
77%
Sudan
77%
Cambodia
75%
Vatican City
75%
Bhutan
73%
Liberia
73%
South Vietnam
57%
Ghana
55%
North Vietnam
55%
Guinea
52%
Tibet
41%
Ceylon
30%
United Arab Republic
7%
Malaya
5%
Muscat And Oman
5%
Sikkim
5%
Trieste
5%
Arab Federation
2%
Dadra
0%
South Moluccas
0%
Suvadive Islands
0%
United Arab States
0%

Score Distribution

Percentile by Number Answered

Percent of People with Each Score

Your Score History

You have not taken this quiz